Borough Seats of Alaska - Statistics

General Stats
  • This quiz has been taken 7 times
  • The average score is 11 of 19
Answer Stats
Borough Seat % Correct
Anchorage Anchorage
100%
Fairbanks North Star Fairbanks
100%
Kodiak Island Kodiak
100%
North Slope Utqiagvik
100%
Juneau Juneau
80%
Petersburg Petersburg
80%
Haines Haines
60%
Ketchikan Gateway Ketchikan
60%
Northwest Arctic Kotzebue
60%
Sitka Sitka
60%
Yakutat Yakutat
60%
Lake and Peninsula King Salmon
40%
Skagway Skagway
40%
Wrangell Wrangell
40%
Denali Healy
20%
Bristol Bay Naknek
20%
Matanuska-Susitna Palmer
20%
Aleutians East Sand Point
20%
Kenai Peninsula Soldotna
20%
No matching quizzes found
Score Distribution
Percent of People with Each Score
Percentile by Number Answered
Your Score History
You have not taken this quiz